SSSR i Litva v gody Vtoroj mirovoj vojny. T. 1: SSSR i Litovskaâ Respublika (mart 1939 - avgust 1940 gg.). - Vilnius. - 2006 [Rezension]

Titel: SSSR i Litva v gody Vtoroj mirovoj vojny. T. 1: SSSR i Litovskaâ Respublika (mart 1939 - avgust 1940 gg.). - Vilnius. - 2006 [Rezension]
Verfasser:
In: Dzieje najnowsze, Band 40, Heft 3 (2008), Seite 199-204
alle Artikel anzeigen
Veröffentlicht: 2008
Format: Aufsatz
Sprache: Polnisch
Kein Bild verfügbar
X
alg: 39510195
001A    $01999:12-11-16 
001B    $01999:04-08-21 $t21:04:49.000 
001D    $01999:12-11-16 
001U    $0utf8 
001X    $00 
002@    $0Aox 
003@    $0395101956 
007A    $0395101956 $aHEB 
007T    $0Herda27039h 
010@    $apol 
011@    $a2008 
021A    $aSSSR i Litva v gody Vtoroj mirovoj vojny. T. 1: SSSR i Litovskaâ Respublika (mart 1939 - avgust 1940 gg.). - Vilnius. -  2006 [Rezension] 
028A    $aMaterski $dWojciech 
031A    $d40 $e3 $h199-204 $j2008 
039B    $aIn $8--Abvc--. Dzieje najnowsze. - Warszawa {[u.a.] : DiG, 1969-. - ISSN 0419-8824 $x200800000400003801 $9047599731 
039T    $8--Aax--. SSSR i Litva v gody Vtoroj mirovoj vojny. T. 1: SSSR i Litovskaâ Respublika (mart 1939 - avgust 1940 gg.). - Vilnius, 2006. - 774, nlb. 2 $9395673178 
045F    $a900.9438 $eDDC23BSB 
045F/01 $a900 
045F/03 $g438 
045T    $a8 

lok: 39510195 78

exp: 39510195 78 1 #EPN
201B/01 $018-11-16 $t13:45:13.000 
201U/01 $0utf8 
203@/01 $079140059X 
208@/01 $a12-11-16 $be 
209A/01 $a/ $f000 $x00 
220C/01 $aHerkunft: PBB/IH PAN 
244Z/01 $2Trx $#Poola $#Lenkija $#Polija $#Polen Land $#Poland $#Lengyelország $#Poľsko $#Polsko $8--Trx--Polska$gkraj $x01 $9391345966 
244Z/01 $2Trx $#arvustused $#recenzijos $#Reviews $#recenziók $#recenzje $#recenzie $#recenze $8--Trx--Rezensionen $x02 $9391357441 
247C/01 $82080>Marburg/Lahn, Herder-Institut, Forschungsbibliothek, Bibliographieportal $9336309341
LEADER 00000caa a22000002c 4500
001 395101956
003 DE-603
005 20210804210449.0
007 tu
008 161112s2008 xx |||| | u00||u|pol c
035 |a (DE-599)HEB395101956 
040 |a DE-603  |b ger  |c DE-603  |d DE-603 
041 |a pol 
082 0 4 |8 1\u  |a 900.9438  |q DE-101  |2 23/BSB 
084 |a 8  |2 ssgn 
085 |8 1\u  |b 900 
085 |8 1\u  |z 2  |s 438 
100 1 |a Materski, Wojciech 
245 0 0 |a SSSR i Litva v gody Vtoroj mirovoj vojny. T. 1: SSSR i Litovskaâ Respublika (mart 1939 - avgust 1940 gg.). - Vilnius. - 2006 [Rezension] 
264 0 |c 2008 
773 0 8 |i In  |t Dzieje najnowsze  |d Warszawa ˜[u.a.] œ: DiG, 1969-  |x 0419-8824  |g Band 40, Heft 3 (2008), Seite 199-204  |w (DE-603)047599731  |w (DE-600)418852-4 
787 0 8 |i Rezension von  |t SSSR i Litva v gody Vtoroj mirovoj vojny. T. 1: SSSR i Litovskaâ Respublika (mart 1939 - avgust 1940 gg.)  |d Vilnius, 2006  |h 774, nlb. 2  |w (DE-603)395673178 
924 0 |9 2080  |a (DE-603)79140059X  |b DE-2080  |c HES  |d d  |g /